Statistics for Beyonce Lemonade

Click here to take the quiz!

General Stats

  • This quiz has been taken 507 times
  • The average score is 10 of 12

Answer Stats

Answer % Correct
I ain't thinking 'bout youSorry
96%
I got hot sauce in my bag SWAGFormation
95%
they don't love you like I love youHold Up
94%
she murdered everybody and I was her witness6 Inch
86%
his right hand on his rifle he swore it on the bibleDaddy Lessons
85%
I heard you cry when I walked awaySandcastles
84%
may the last one burn into flamesFreedom
84%
true love never has to hideAll Night
83%
you can taste the dishonestyPray You Catch Me
80%
love god herselfDon't Hurt Yourself
79%
ten times out of nine, I know your lyingLove Drought
79%
now we can be open for a whileForward
67%

Score Distribution

Percentile by Number Answered

Percent of People with Each Score

Your Score History

You have not taken this quiz